Introduction to Mathematics for life scientists
Gorde:
| Egile nagusia: | |
|---|---|
| Formatua: | Liburua |
| Hizkuntza: | ingelesa |
| Argitaratua: |
New York, USA
Springer
1976
|
| Edizioa: | Segunda edición |
| Saila: | Springer Study Edition
|
| Gaiak: | |
| Etiketak: |
Etiketa erantsi
Etiketarik gabe, Izan zaitez lehena erregistro honi etiketa jartzen!
|
MARC
| LEADER | 00000cam a2200000 a 4500 | ||
|---|---|---|---|
| 001 | UCD8047 | ||
| 003 | CL-VaPUC | ||
| 005 | 20250225115632.0 | ||
| 008 | 170422e19760000us |||||||||||||||||eng|d | ||
| 999 | |c 367817 |d 367815 | ||
| 020 | |a 0387073507 | ||
| 040 | |c Pontificia Universidad Católica de Valparaíso | ||
| 082 | 0 | 4 | |a 570.15195 BAT 1976 |2 21 |
| 100 | 0 | |a Batschelet, Edward |9 591909 | |
| 245 | 1 | 0 | |a Introduction to Mathematics for life scientists |
| 250 | |a Segunda edición | ||
| 260 | |a New York, USA |b Springer |c 1976 | ||
| 300 | |a 643 páginas | ||
| 490 | 0 | |a Springer Study Edition | |
| 583 | |a last modification |c 20170422 00:05:00 |k Rodrigo Vera | ||
| 650 | 7 | |a BIOMATEMATICAS |2 CL-VaPUC |9 260148 | |
| 650 | 0 | |a Ciencias de la vida |9 314137 | |
| 942 | |c BK |2 ddc | ||
| 945 | |d 20170422 00:05:00 |a arojas | ||
| 952 | |0 0 |1 0 |2 ddc |3 erb |4 0 |6 570_151950000000000_BAT_1976 |7 0 |8 A |9 482920 |a BIBCUR |b BIBCUR |i 5388600 |o 570.15195 BAT 1976 |p 5388600 |r 2025-04-22 |t 1 |w 2019-11-24 |y BK |z Catalogado en:20170422 |k BIO | ||